Specialised financial institutions (Record no. 497940)

000 -LEADER
fixed length control field 00389cam a22001217a 4500
008 - FIXED-LENGTH DATA ELEMENTS--GENERAL INFORMATION
fixed length control field 180718b1975 xxu||||| |||| 00| 0 eng d
082 ## - DEWEY DECIMAL CLASSIFICATION NUMBER
Classification number T4x54 In2
245 ## - TITLE STATEMENT
Title Specialised financial institutions
Statement of responsibility, etc. by Indian Investment Centre, India
260 ## - PUBLICATION, DISTRIBUTION, ETC.
Place of publication, distribution, etc. New Delhi
Name of publisher, distributor, etc. Indian Investment Centre
Date of publication, distribution, etc. 1975
300 ## - PHYSICAL DESCRIPTION
Extent 118+p
650 ## - SUBJECT ADDED ENTRY--TOPICAL TERM
Topical term or geographic name entry element Financial Institutions
700 ## - ADDED ENTRY--PERSONAL NAME
Personal name India. Indian Investment Centre
Holdings
Withdrawn status Lost status Damaged status Not for loan Permanent Location Current Location Date acquired Full call number Barcode Date last seen Price effective from Koha item type
        Indian Institute of Public Administration Indian Institute of Public Administration 2018-08-04 T4x54 In2 GR10050 2018-08-04 2018-08-04 GR
        Indian Institute of Public Administration Indian Institute of Public Administration 2018-08-04 T4x54 In2 GG16043 2018-08-04 2018-08-04 GG

Powered by Koha